LIBRARY & INFORMATION CENTRE, KCAET, TAVANUR

ONLINE PUBLIC ACCESS CATALOGUE (OPAC)

Bharatiya krantikari antholan ka ithihas / (Record no. 8486)

MARC details
000 -LEADER
fixed length control field 00453cam a2200181ua 4500
041 ## - LANGUAGE CODE
Language code of text/sound track or separate title hin
082 ## - DEWEY DECIMAL CLASSIFICATION NUMBER
Classification number 891.54
Item number MAN/BH
100 ## - MAIN ENTRY--AUTHOR NAME
Personal name Manmathnath, Gupta .
245 ## - TITLE STATEMENT
Title Bharatiya krantikari antholan ka ithihas /
250 ## - EDITION STATEMENT
Edition statement 1 /
260 ## - PUBLICATION, DISTRIBUTION, ETC. (IMPRINT)
Place of publication :
Name of publisher Atmaram and Sons ,
Year of publication 1966.
300 ## - PHYSICAL DESCRIPTION
Number of Pages 532 ; .
942 ## - ADDED ENTRY ELEMENTS (KOHA)
Koha item type Books
Holdings
Withdrawn status Lost status Damaged status Home library Current library Date acquired Full call number Accession Number Koha item type
Withdrawn     KAUAET Sanskrit University 07/04/2012 891.54 MAN/BH 9665 Books
free website counter